02120nab a2200253 a 450000500170000000700030001700800410002004000300006104100080009110000440009924501110014326400720025430000670032631000130039333600270040633700340043333800290046736200340049652111170053061001240164777300630177194200150183499900170184920250318145652.0ta250318e2015 dr mn|p|r||||||0| | spa d aDO-SdBNPcspadBNPHUerda hspa1 aCassá, Roberto, d1948-910888eautor aNuevo jalón del AGN : bapertura del Centro Regional Sur en San Juan de la Maguana / cRoberto Cassá. aSanto Domingo, República Dominicana : bClodomiro Moquete,c2015. apáginas 44-47 : bilustraciones, fotografías ; c26.5 cm. aMensual. atextobtxt2rdacontent asin mediación bn2rdamedia avolumen bnc2rdacarrier aAño.22: no. 94 (feb. 2015). aUn hecho cultural de extraordinaria importancia y nuevo hito en la gestión histórica de Roberto Cassá al frente del Archivo General de la Nación, AGN; la inauguración en pocos días del Centro Regional Sur, con asiento en San Juan de la Maguana. El Archivo General de la Nación, AGN, tiene carácter histórico, como es lógico. Su enorme contenido está dedicado a la recreación y a la necesidad presente de la población, y todo ese cuerpo de material y espiritual tiene nueva vocación insólita y sorprende que camina con la gestión de Roberto Cassá: la animación cultural. Es oportuna y trascendente la iniciativa oficial con el establecimiento de una dependencia del Archivo General de la Nación. Definitivamente, con ello se inicia en San Juan la puesta en valor de gran parte de su riqueza histórica del Suroeste en todos los ámbitos del quehacer regional. Es también, a mi manera de ver, oportunidad para reafirmar la identidad de los pueblos de la provincia tan cargada de historia; recogida en documentos que pudieran estar perdiéndose en los archivos del tiempo. 0aArchivo General de la Nación (AGN)986500vPublicación periódica zSan Juan de la Maguana, República Dominicana0 0370289284149o37538-22-94-3tVetas :w(DO-SdBNP)000037538 2ddccISSUE c58464d58464